000
00367nam a2200169Ia 4500
005
20250423100330.0
008
250422s9999 xx 000 0 und d
020
_a
97897855906
050
_a
KP 124 .E7/
100
_a
Erugo, Sam
245
0
_a
Nigeria Labour Law
260
_a
Lagos
260
_b
Princestone
260
_c
2019
300
_a
645 p
942
_c
BK
999
_c
32986
_d
32986